Sports Quiz

Random Sports or Athletes Quiz

Athlete Nicknames Quiz Stats

 Plays Quiz Updated Oct 17, 2020

     
Support Sporcle.
Go Orange.
Score 0/84 Timer 12:00
14 Plays Today
Nickname Athlete % Correct
Ocho CincoChad Johnson
88.8%
The Big UnitRandy Johnson
87.4%
Sultan of SwatBabe Ruth
81.9%
PacmanAdam Jones
75.8%
Dr. JJulius Erving
75.8%
The Big HurtFrank Thomas
73.5%
Mr. OctoberReggie Jackson
70.8%
K-RodFrancisco Rodriguez
69.7%
The MailmanKarl Malone
69.7%
Iron MikeMike Tyson
68.3%
DieselShaquille O'Neal
67.5%
PrimetimeDeion Sanders
63.8%
The GreatestMuhammad Ali
63.3%
The BusJerome Bettis
63%
The AnswerAllen Iverson
62.7%
PennyAnfernee Hardaway
62.7%
The AdmiralDavid Robinson
61.6%
The Great OneWayne Gretzky
61.3%
The Wizard of OzOzzie Smith
61.2%
Big MacMark McGwire
60.9%
The RocketRoger Clemens
59.1%
Broadway JoeJoe Namath
58.4%
The Black MambaKobe Bryant
57.4%
LeftyPhil Mickelson
56.5%
ZekeIsiah Thomas
56.5%
The FridgeWilliam Perry
56.3%
Mean JoeJoe Greene
55.7%
The Say Hey KidWillie Mays
55.2%
Nickname Athlete % Correct
Dice-KDaisuke Matsuzaka
54.2%
SweetnessWalter Payton
53.7%
Charlie HustlePete Rose
53.7%
Agent ZeroGilbert Arenas
53.1%
The Iron ManCal Ripken Jr.
51%
El DuqueOrlando Hernández
50.9%
The JuiceO.J. Simpson
49.4%
The Crime DogFred McGriff
48.8%
The Golden BearJack Nicklaus
47.4%
Smokin' JoeJoe Frazier
45.5%
The Iron HorseLou Gehrig
42.1%
The KidSidney Crosby
42.1%
Mr. CubErnie Banks
41.6%
The Great White SharkGreg Norman
40.7%
Super MarioMario Lemieux
39.9%
The DreamHakeem Olajuwon
39.6%
The IntimidatorDale Earnhardt, Sr.
36.9%
IcemanGeorge Gervin
36.4%
The TruthPaul Pierce
36%
The KingArnold Palmer
35.5%
CuJoCurtis Joseph
32.9%
The KingRichard Petty
31.8%
All DayAdrian Peterson
31%
The Golden BoyOscar de la Hoya
30.8%
Marvelous MarvinMarvin Hagler
27.9%
Mr. HockeyGordie Howe
27.9%
The DominatorDominik Hasek
27.9%
Night TrainDick Lane
27.4%
Nickname Athlete % Correct
The Minister of DefenseReggie White
26.5%
The RocketRaghib Ismail
25.8%
Pretty BoyFloyd Mayweather, Jr.
25.7%
The Big EasyErnie Els
25.5%
El NiñoSergio García
24.3%
The HawkAndre Dawson
23.2%
The Brown BomberJoe Louis
22.5%
ChiefRobert Parish
22.5%
The RocketMaurice Richard
22.1%
Lights OutShawne Merriman
22%
Basketball JesusLarry Bird
20.3%
The ThrillWill Clark
19.4%
The Reign ManShawn Kemp
19.3%
The Dunking DutchmanRik Smits
19.2%
The WalrusCraig Stadler
18.1%
MegatronCalvin Johnson
17.8%
The Raging BullJake LaMotta
17.4%
The Russian RocketPavel Bure
16.8%
Boom BoomRay Mancini
14.8%
The Merry MexLee Trevino
14.7%
The Finnish FlashTeemu Selanne
12.7%
Mad DogGreg Maddux
12.2%
The Flying DutchmanHonus Wagner
11.9%
Cinderella ManJames Braddock
9.7%
CatFelix Potvin
8.6%
The ExecutionerBernard Hopkins
8%
Big NastyCorliss Williamson
7.1%
FoppaPeter Forsberg
6.1%

From the Vault

Remove Ads.
Support Sporcle.
Get the best of Sporcle when you Go Orange. This ad-free experience offers more features, more stats, and more fun while also helping to support Sporcle. Thank you for becoming a member.

Show Comments

Extras

Top Quizzes Today


Score Distribution

Your Account Isn't Verified!

In order to create a playlist on Sporcle, you need to verify the email address you used during registration. Go to your Sporcle Settings to finish the process.

Report this User

Report this user for behavior that violates our Community Guidelines.

Details: